01051cam a2200277 450000100060000000300080000600500170001400800390003102000150007003500190008504000230010404100080012708200230013510000370015824500740019526000290026930000260029835000110032450000950033550400190043065000790044965100590052894200120058799900170059995201570061617480BD-RjUL20211209000140.0140217s1972 enk b 001 0 eng a0416662404 a(BD-RjUL)17538 aDLCcDLCdDLCbeng aeng00a820.9004bRES 19721 aLove, Harold,d1937-2007.95387610aRestoration literature; critical approaches /cedited by Harold Love. aLondon :bMethuen,c1972 axii, 322 p. ;c22 cm. a£3.50 aDistributed in the U.S.A. by Harper & Row Publishers Inc.; Barnes & Noble Import Division. aIncludes INDEX 0aEnglish literatureyEarly modern, 1500-1700xHistory and criticism.953256 0aGreat BritainxHistoryyRestoration, 1660-1688.953877 2ddccBK c17480d17480 00102ddc40718FICaRUCLbRUCLcReadingd1975-06-07eJonathan ware & co., londong3.85l0o820.9004 RES 1972r2014-02-17 00:00:00tC-1w2014-02-17yBK